| 000 | 00891 aa a2200229 4500 | ||
|---|---|---|---|
| 005 | 20120519154713.0 | ||
| 010 | _a | ||
| 020 |
_c400.00 _a8181433785 |
||
| 035 | _aB-179080 | ||
| 037 | _bpub | ||
| 082 | _a510.3 | ||
| 100 |
_aब्रजमोहन _947517 |
||
| 245 |
_aगणितीय कोश / _cब्रजमोहन _b |
||
| 246 |
_a _b |
||
| 260 |
_aनई दिल्ली _bवाणी प्रकाशन _c2005 |
||
| 270 |
_a _bनई दिल्ली _e _k |
||
| 300 |
_a305पृ _c22 सेमी (सजिल्द) |
||
| 650 |
_aहिन्दी उपन्यास _947518 |
||
| 650 |
_aHindi Novel _947519 |
||
| 942 |
_adpl _cHN _k _2ddc _h510.3 _mब्रजमो |
||
| 999 |
_c66929 _d66929 |
||